000 00896nmm a2200277 a 4500
001 ocm0001162247
003 TR-IsHL
005 20201028154002.0
008 150709s2015 tu tur
007 cr cn
020 _a9786059121200
035 _a1162247
_b(N$T)
050 0 4 _aPL248.T479
_bP75 2015
090 0 4 _aPL248.T479
_bP75 2015
100 1 _aTerzi, Şule
245 1 0 _aPsikopat mafya
_h[electronic resource] /
_cŞule Terzi ; editör Gonca Erkmen Gidenoğlu
260 _aİstanbul :
_bParola Yayınları,
_c2015
300 _a401 p.
650 4 _aDil ve Edebiyat
650 4 _aLanguage and Literature
650 0 _aTürk romanı
650 0 _aTurkish fiction
650 7 _aLITERARY COLLECTIONS / Middle Eastern
_2bisacsh
700 1 _aGidenoğlu, Gonca Erkmen
856 4 0 _uhttp://search.ebscohost.com/login.aspx?direct=true&scope=site&db=e011xww&AN=1162247
999 _c12336
_d12336